Understanding the heavens : (Record no. 8620)
[ view plain ]
| 000 -LEADER | |
|---|---|
| fixed length control field | 01222cam a22002774a 4500 |
| 001 - CONTROL NUMBER | |
| control field | 11912030 |
| 003 - CONTROL NUMBER IDENTIFIER | |
| control field | OSt |
| 005 - DATE AND TIME OF LATEST TRANSACTION | |
| control field | 20240618153731.0 |
| 008 - FIXED-LENGTH DATA ELEMENTS--GENERAL INFORMATION | |
| fixed length control field | 000214s2001 gw ab b 001 0 eng |
| 010 ## - LIBRARY OF CONGRESS CONTROL NUMBER | |
| LC control number | 00024396 |
| 020 ## - INTERNATIONAL STANDARD BOOK NUMBER | |
| International Standard Book Number | 3540631984 (alk. paper) |
| 040 ## - CATALOGING SOURCE | |
| Original cataloging agency | DLC |
| Transcribing agency | MUST |
| Modifying agency | DLC |
| 042 ## - AUTHENTICATION CODE | |
| Authentication code | pcc |
| 082 00 - DEWEY DECIMAL CLASSIFICATION NUMBER | |
| Classification number | 520 |
| Item number | PEC 2001 |
| 100 1# - MAIN ENTRY--PERSONAL NAME | |
| Personal name | Pecker, Jean Claude. |
| 9 (RLIN) | 17466 |
| 245 10 - TITLE STATEMENT | |
| Title | Understanding the heavens : |
| Remainder of title | thirty centuries of astronomical ideas from ancient thinking to modern cosmology / |
| Statement of responsibility, etc. | Jean-Claude Pecker ; edited by Susan Kaufman. |
| 260 ## - PUBLICATION, DISTRIBUTION, ETC. (IMPRINT) | |
| Place of publication, distribution, etc. | Berlin ; |
| -- | New York : |
| Name of publisher, distributor, etc. | Springer, |
| Date of publication, distribution, etc. | 2001. |
| 300 ## - PHYSICAL DESCRIPTION | |
| Extent | xiii, 597 p. : |
| Other physical details | ill., maps ; |
| Dimensions | 24 cm. |
| 504 ## - BIBLIOGRAPHY, ETC. NOTE | |
| Bibliography, etc | Includes bibliographical references (p. [555]-558) and indexes. |
| 650 #0 - SUBJECT ADDED ENTRY--TOPICAL TERM | |
| Topical term or geographic name as entry element | Astronomy |
| General subdivision | History. |
| 9 (RLIN) | 17449 |
| 856 42 - ELECTRONIC LOCATION AND ACCESS | |
| Materials specified | Publisher description |
| Uniform Resource Identifier | http://www.loc.gov/catdir/enhancements/fy0812/00024396-d.html |
| 856 41 - ELECTRONIC LOCATION AND ACCESS | |
| Materials specified | Table of contents only |
| Uniform Resource Identifier | http://www.loc.gov/catdir/enhancements/fy0812/00024396-t.html |
| 906 ## - LOCAL DATA ELEMENT F, LDF (RLIN) | |
| a | 7 |
| b | cbc |
| c | orignew |
| d | 1 |
| e | ocip |
| f | 20 |
| g | y-gencatlg |
| 942 ## - ADDED ENTRY ELEMENTS (KOHA) | |
| Source of classification or shelving scheme | Dewey Decimal Classification |
| Koha item type | Open Shelf |
| Withdrawn status | Lost status | Source of classification or shelving scheme | Damaged status | Not for loan | Home library | Current library | Date acquired | Source of acquisition | Inventory number | Total Checkouts | Full call number | Barcode | Date last seen | Price effective from | Koha item type |
|---|---|---|---|---|---|---|---|---|---|---|---|---|---|---|---|
| Dewey Decimal Classification | MUST Main Library | MUST Main Library | 18/06/2024 | Donation | 2011/32859 | 520 PEC 2001 | 2024-20823 | 18/06/2024 | 18/06/2024 | Open Shelf |
